|
|
|
|
| LEADER |
01449nam a2200301 u 4500 |
| 001 |
10086362 |
| 003 |
upatras |
| 005 |
20240927124637.0 |
| 008 |
100802s1998 gr gre |
| 020 |
|
|
|a 9602369345
|
| 040 |
|
|
|a GR-PaULI
|c GR-PaULI
|
| 041 |
0 |
|
|a gre
|
| 082 |
0 |
4 |
|a 327.73
|
| 100 |
1 |
|
|a Brzezinski, Zbigniew
|9 88967
|
| 245 |
1 |
0 |
|a Η μεγάλη σκακιέρα
|b η αμερικανική υπεροχή και οι γεωστρατηγικές της επιταγές
|c Zbigniew Brzezinski; μετ. από τα αγγλικά Ελένη Αστερίου
|
| 260 |
|
|
|a Αθήνα
|b Νέα Σύνορα
|c 1998
|
| 300 |
|
|
|a 370 σ.
|b χάρτες
|c 21 εκ.
|
| 490 |
0 |
|
|a Πολιτική
|
| 650 |
|
4 |
|a Γεωπολιτική
|x Ιστορία
|y 20ός αι.
|z Ηνωμένες Πολιτείες Αμερικής
|9 88968
|
| 650 |
|
4 |
|a Παγκόσμια πολιτική
|y 1989-
|9 17455
|
| 651 |
|
0 |
|a Ηνωμένες Πολιτείες Αμερικής
|x Εξωτερικές σχέσεις
|y 1989-
|9 88969
|
| 760 |
0 |
|
|a Πολιτική
|
| 700 |
1 |
|
|a Αστερίου, Ελένη
|4 trl
|9 11890
|
| 852 |
|
|
|a GR-PaULI
|b ΠΑΤΡΑ
|b ΒΚΠ
|b ΑΝΤ
|k ΟΧΙΔ
|h 327.73 BRZ
|m 046849
|p 025000061137
|t 1
|
| 942 |
|
|
|2 ddc
|c BKN
|
| 952 |
|
|
|0 0
|1 0
|4 0
|6 327_730000000000000_BRZ
|7 0
|9 92583
|a LISP
|b LISP
|c DON
|d 2016-04-24
|i 046849
|l 0
|o 327.73 BRZ
|p 025000061137
|r 2016-04-24 00:00:00
|t 1
|w 2016-04-24
|y BKN
|
| 998 |
|
|
|c ΛΑΜΠΡΟΠΟΥΛΟΥ
|d 2010-08
|
| 999 |
|
|
|c 62112
|d 62112
|